| 000 | 00658nam a2200205Ia 4500 | ||
|---|---|---|---|
| 003 | GCL | ||
| 008 | 140319s9999 xx 000 0 ara d | ||
| 040 |
_aGCL / _cGCL |
||
| 082 | 0 | 4 |
_aد _b050 _bم ص |
| 100 | 1 | _aمركز استعلامات سفارة الهند | |
| 245 | 1 | 0 |
_aصوت الشرق / _cمركز استعلامات سفارة الهند |
| 260 |
_a[S.N] : _bمركز استعلامات سفارة الهند |
||
| 300 | _aمتعدد الترقيم | ||
| 490 |
_aالجغرافيا الاسلامية _v0 |
||
| 650 | 0 | 4 | _aالاقتصاد |
| 650 | 0 | 4 | _aالسياسة |
| 650 | 0 | 4 | _aالشعر |
| 650 | 0 | 4 | _aالثقافة |
| 942 |
_2ddc _cCF |
||
| 999 |
_c27457 _d27457 |
||